LEADER 01009nam--2200361---450- 001 990003463180203316 005 20101103102940.0 010 $a0-19-214176-7 035 $a000346318 035 $aUSA01000346318 035 $a(ALEPH)000346318USA01 035 $a000346318 100 $a20101103d1993----km-y0itay50------ba 101 $aeng 102 $aGB 105 $a||||||||001yy 200 1 $a<> Oxford guide to British women writers$fJoanne Shattock 210 $aOxford [etc.]$cOxford university press$d1993 215 $aIX, 492 p.$d23 cm 410 0$12001 454 1$12001 461 1$1001-------$12001 606 0 $aLetteratura inglese$xScrittrici$xDizionari 676 $a820.9928 700 1$aSHATTOCK,$bJoanne$0386407 801 0$aIT$bsalbc$gISBD 912 $a990003463180203316 951 $aI.0.E.4$b2914 DSLL 959 $aBK 969 $aDSLL 979 $aDSLL$b90$c20101103$lUSA01$h1029 996 $aOxford guide to British women writers$91111750 997 $aUNISA LEADER 01138nam0 2200289 i 450 001 VAN0059185 005 20240102094723.205 010 $a37-643-6996-5 100 $a20070511d2003 |0itac50 ba 101 $aeng 102 $aCH 105 $a|||| ||||| 200 1 $aGeneral lattice theory$fGeorge Grätzer 205 $a2. ed 210 $aBasel [etc.]$cBirkhäuser$d2003 215 $aXIX, 663 p.$cill.$d24 cm 606 $a06-XX$xOrder, lattices, ordered algebraic structures [MSC 2020]$3VANC019973$2MF 620 $dBasel$3VANL002076 700 1$aGrätzer$bGeorge$3VANV021136$041999 712 $aBirkhäuser $3VANV108193$4650 801 $aIT$bSOL$c20240105$gRICA 856 4 $u/sebina/repository/catalogazione/documenti/Gratzer - General Lattice Theory. 2. ed..pdf$zContents 899 $aBIBLIOTECA DEL DIPARTIMENTO DI MATEMATICA E FISICA$1IT-CE0120$2VAN08 912 $aVAN0059185 950 $aBIBLIOTECA DEL DIPARTIMENTO DI MATEMATICA E FISICA$d08PREST 06-XX 1694 $e08 7720 I 20070511 996 $aGeneral lattice theory$932590 997 $aUNICAMPANIA